[Event "Fajr-urmia"]
[Site "urmia"]
[Date "2015.02.18"]
[Round "1.1"]
[White "Mirzoev, Azer"]
[Black "Hemmatjou, Arash"]
[Result "1-0"]
[LiveChessVersion "1.4.4"]
[BlackElo "1987"]
[WhiteElo "2556"]

1. Nf3 {[%clk 1:30:45]} Nf6 {[%clk 1:30:50]} 2. c4 {[%clk 1:31:08]} g6
{[%clk 1:30:44]} 3. Nc3 {[%clk 1:31:34]} Bg7 {[%clk 1:31:07]} 4. e4
{[%clk 1:31:55]} d6 {[%clk 1:31:28]} 5. d4 {[%clk 1:32:21]} O-O {[%clk 1:31:48]}
6. Be2 {[%clk 1:32:48]} e5 {[%clk 1:31:47]} 7. Be3 {[%clk 1:33:12]} Ng4
{[%clk 1:31:38]} 8. Bg5 {[%clk 1:33:35]} f6 {[%clk 1:31:44]} 9. Bh4
{[%clk 1:34:01]} Qd7 {[%clk 1:26:41]} 10. h3 {[%clk 1:31:47]} Nh6
{[%clk 1:25:58]} 11. c5 {[%clk 1:31:57]} exd4 {[%clk 1:17:33]} 12. Qxd4
{[%clk 1:31:57]} dxc5 {[%clk 1:09:21]} 13. Qxc5 {[%clk 1:32:19]} c6
{[%clk 1:08:57]} 14. O-O {[%clk 1:32:06]} Nf7 {[%clk 1:08:59]} 15. Rad1
{[%clk 1:30:49]} Qe8 {[%clk 1:07:43]} 16. Bc4 {[%clk 1:29:49]} Nd7
{[%clk 1:05:59]} 17. Qa5 {[%clk 1:28:14]} Nb6 {[%clk 0:59:12]} 18. Bb3
{[%clk 1:27:45]} Be6 {[%clk 0:58:53]} 19. Bxe6 {[%clk 1:27:27]} Qxe6
{[%clk 0:59:08]} 20. Nd4 {[%clk 1:27:49]} Qe5 {[%clk 0:54:52]} 21. Qxe5
{[%clk 1:28:08]} Nxe5 {[%clk 0:54:10]} 22. Ne6 {[%clk 1:27:20]} Rf7
{[%clk 0:51:58]} 23. f4 {[%clk 1:27:16]} Nec4 {[%clk 0:47:19]} 24. Rf2
{[%clk 1:27:30]} f5 {[%clk 0:40:11]} 25. Nxg7 {[%clk 1:26:53]} Kxg7
{[%clk 0:39:14]} 26. b3 {[%clk 1:27:13]} Na3 {[%clk 0:39:13]} 27. e5
{[%clk 1:27:16]} Re8 {[%clk 0:39:17]} 28. Rfd2 {[%clk 1:27:13]} a6
{[%clk 0:37:36]} 29. Bd8 {[%clk 1:22:33]} Nd5 {[%clk 0:33:42]} 30. Nxd5
{[%clk 1:22:41]} cxd5 {[%clk 0:25:34]} 31. Rxd5 {[%clk 1:21:41]} Nb5
{[%clk 0:25:55]} 32. Rd7 {[%clk 1:17:39]} Nc3 {[%clk 0:25:33]} 33. Bf6+
{[%clk 1:18:01]} Kf8 {[%clk 0:24:52]} 34. Rxf7+ {[%clk 1:16:38]} Kxf7
{[%clk 0:25:16]} 35. Rd7+ {[%clk 1:17:02]} Ke6 {[%clk 0:25:30]} 36. Rd6+
{[%clk 1:17:04]} Kf7 {[%clk 0:25:46]} 37. Kh2 {[%clk 1:12:38]} Nxa2
{[%clk 0:21:29]} 38. Rd7+ {[%clk 1:12:41]} Ke6 {[%clk 0:21:39]} 39. Rxb7
{[%clk 1:13:05]} Nc1 {[%clk 0:21:59]} 40. Rb6+ {[%clk 1:13:12]} Kf7
{[%clk 0:21:33]} 41. Rxa6 {[%clk 1:11:43]} Nxb3 {[%clk 0:21:53]} 42. Ra7+
{[%clk 1:12:05]} Ke6 {[%clk 0:22:04]} 43. Rxh7 {[%clk 1:12:29]} Rg8
{[%clk 0:19:07]} 44. Re7+ {[%clk 1:12:05]} Kd5 {[%clk 0:18:58]} 45. Rd7+
{[%clk 1:12:28]} Ke6 {[%clk 0:16:23]} 46. Rd6+ {[%clk 1:12:43]} Kf7
{[%clk 0:16:44]} 47. Bg5 {[%clk 1:12:50]} Nc5 {[%clk 0:16:53]} 48. Rf6+
{[%clk 1:13:11]} Kg7 {[%clk 0:16:34]} 49. Rc6 {[%clk 1:13:34]} Ne4
{[%clk 0:16:41]} 50. Rc7+ {[%clk 1:13:39]} Kh8 {[%clk 0:17:05]} 51. Bf6+
{[%clk 1:04:15]} Nxf6 {[%clk 0:17:16]} 52. exf6 {[%clk 1:04:39]} Rf8
{[%clk 0:17:04]} 53. Rc6 {[%clk 1:04:44]} Kh7 {[%clk 0:16:33]} 54. Kg3
{[%clk 1:03:33]} Kh6 {[%clk 0:16:01]} 55. Kh4 {[%clk 1:03:26]} 1-0

[Event "Fajr-urmia"]
[Site "urmia"]
[Date "2015.02.18"]
[Round "1.2"]
[White "Ahmadi, Ramin"]
[Black "Gasimov, Parviz"]
[Result "1-0"]
[LiveChessVersion "1.4.4"]
[BlackElo "2497"]
[WhiteElo "1982"]

1. e4 {[%clk 1:30:57]} c5 {[%clk 1:30:34]} 2. Ne2 {[%clk 1:30:52]} Nc6
{[%clk 1:30:31]} 3. c4 {[%clk 1:30:57]} g6 {[%clk 1:29:25]} 4. d4
{[%clk 1:30:57]} cxd4 {[%clk 1:29:25]} 5. Nxd4 {[%clk 1:31:17]} Bg7
{[%clk 1:29:05]} 6. Be3 {[%clk 1:30:59]} Nf6 {[%clk 1:29:00]} 7. Nc3
{[%clk 1:31:02]} O-O {[%clk 1:28:40]} 8. Be2 {[%clk 1:31:05]} d6 {[%clk 1:28:59]}
9. O-O {[%clk 1:30:29]} Bd7 {[%clk 1:28:43]} 10. Rc1 {[%clk 1:29:53]} Nxd4
{[%clk 1:27:03]} 11. Bxd4 {[%clk 1:30:02]} Bc6 {[%clk 1:26:47]} 12. f3
{[%clk 1:29:36]} a5 {[%clk 1:25:34]} 13. Nd5 {[%clk 1:25:23]} Nd7
{[%clk 1:23:27]} 14. Bxg7 {[%clk 1:23:18]} Kxg7 {[%clk 1:23:49]} 15. Qd4+
{[%clk 1:22:58]} e5 {[%clk 1:14:08]} 16. Qd2 {[%clk 1:21:19]} Nc5
{[%clk 1:11:14]} 17. b3 {[%clk 1:16:36]} Ne6 {[%clk 1:08:51]} 18. Rc3
{[%clk 1:10:14]} Nd4 {[%clk 0:58:30]} 19. f4 {[%clk 1:07:08]} Bxd5
{[%clk 0:56:28]} 20. cxd5 {[%clk 1:06:14]} Qb6 {[%clk 0:55:00]} 21. Kh1
{[%clk 1:04:48]} Qb4 {[%clk 0:48:14]} 22. f5 {[%clk 1:01:44]} h6 {[%clk 0:32:42]}
23. f6+ {[%clk 0:52:34]} Kh7 {[%clk 0:32:51]} 24. Bc4 {[%clk 0:47:35]} Nb5
{[%clk 0:22:53]} 25. Bxb5 {[%clk 0:47:27]} Qxb5 {[%clk 0:23:22]} 26. Re1
{[%clk 0:43:51]} Qb4 {[%clk 0:20:58]} 27. a3 {[%clk 0:44:04]} Qd4
{[%clk 0:15:38]} 28. Rd3 {[%clk 0:44:21]} Qc5 {[%clk 0:11:05]} 29. Rh3
{[%clk 0:44:36]} h5 {[%clk 0:11:01]} 30. Rxh5+ {[%clk 0:44:20]} 1-0

[Event "Fajr-urmia"]
[Site "urmia"]
[Date "2015.02.18"]
[Round "1.3"]
[White "Idani, Pouya"]
[Black "Hasanzade, Toghrul"]
[Result "1/2-1/2"]
[LiveChessVersion "1.4.4"]
[BlackElo "1970"]
[WhiteElo "2496"]

1. e4 {[%clk 1:30:55]} Nf6 {[%clk 1:30:51]} 2. e5 {[%clk 1:30:27]} Nd5
{[%clk 1:31:14]} 3. d4 {[%clk 1:30:53]} d6 {[%clk 1:31:34]} 4. Nf3
{[%clk 1:31:17]} dxe5 {[%clk 1:31:47]} 5. Nxe5 {[%clk 1:31:40]} c6
{[%clk 1:31:57]} 6. Bc4 {[%clk 1:31:33]} Nd7 {[%clk 1:28:18]} 7. O-O
{[%clk 1:28:39]} Nxe5 {[%clk 1:27:44]} 8. dxe5 {[%clk 1:29:03]} Bf5
{[%clk 1:27:41]} 9. Qe2 {[%clk 1:28:28]} e6 {[%clk 1:27:42]} 10. Rd1
{[%clk 1:28:25]} Be7 {[%clk 1:25:55]} 11. Bd3 {[%clk 1:25:34]} Bxd3
{[%clk 1:25:46]} 12. Rxd3 {[%clk 1:25:58]} Qc7 {[%clk 1:24:57]} 13. c4
{[%clk 1:25:01]} Nb6 {[%clk 1:22:26]} 14. Rg3 {[%clk 1:20:33]} O-O-O
{[%clk 1:21:28]} 15. Nc3 {[%clk 1:19:42]} Rhg8 {[%clk 1:15:56]} 16. b3
{[%clk 1:12:56]} Nd7 {[%clk 1:07:16]} 17. f4 {[%clk 1:13:18]} g5 {[%clk 1:03:37]}
18. fxg5 {[%clk 1:10:42]} Qxe5 {[%clk 1:00:53]} 19. Qxe5 {[%clk 1:10:29]} Nxe5
{[%clk 1:01:18]} 20. Be3 {[%clk 1:06:31]} f5 {[%clk 0:47:48]} 21. h4
{[%clk 0:48:11]} h6 {[%clk 0:42:36]} 22. Bxa7 {[%clk 0:41:14]} hxg5
{[%clk 0:42:00]} 23. hxg5 {[%clk 0:41:29]} Rxg5 {[%clk 0:40:06]} 24. Rxg5
{[%clk 0:39:41]} Bxg5 {[%clk 0:36:11]} 1/2-1/2

[Event "Fajr-urmia"]
[Site "urmia"]
[Date "2015.02.18"]
[Round "1.4"]
[White "Mohammadi, Ehsan"]
[Black "Sevdimaliyev, Urfan"]
[Result "0-1"]
[LiveChessVersion "1.4.4"]
[BlackElo "2459"]
[WhiteElo "1952"]

1. d4 {[%clk 1:29:55]} Nf6 {[%clk 1:30:47]} 2. c4 {[%clk 1:30:04]} g6
{[%clk 1:31:14]} 3. Nc3 {[%clk 1:28:56]} d5 {[%clk 1:31:39]} 4. Nf3
{[%clk 1:21:35]} Bg7 {[%clk 1:31:55]} 5. g3 {[%clk 1:14:14]} c6 {[%clk 1:30:29]}
6. cxd5 {[%clk 1:13:46]} cxd5 {[%clk 1:30:55]} 7. Bg2 {[%clk 1:13:57]} O-O
{[%clk 1:31:18]} 8. O-O {[%clk 1:14:12]} Nc6 {[%clk 1:31:07]} 9. Re1
{[%clk 1:13:01]} Ne4 {[%clk 1:27:04]} 10. e3 {[%clk 1:04:12]} f5 {[%clk 1:22:06]}
11. Qb3 {[%clk 1:00:35]} e6 {[%clk 1:21:19]} 12. Nd2 {[%clk 0:51:22]} b6
{[%clk 1:16:46]} 13. a4 {[%clk 0:49:17]} Qd6 {[%clk 1:02:53]} 14. f3
{[%clk 0:40:02]} Nf6 {[%clk 0:59:50]} 15. Bf1 {[%clk 0:35:13]} g5
{[%clk 0:55:56]} 16. Nb5 {[%clk 0:32:20]} Qb8 {[%clk 0:53:10]} 17. Qd1
{[%clk 0:26:48]} a6 {[%clk 0:50:50]} 18. Nc3 {[%clk 0:26:43]} Bd7
{[%clk 0:47:00]} 19. b3 {[%clk 0:26:08]} f4 {[%clk 0:43:24]} 20. gxf4
{[%clk 0:18:14]} gxf4 {[%clk 0:43:42]} 21. Bh3 {[%clk 0:17:35]} fxe3
{[%clk 0:40:01]} 22. Nf1 {[%clk 0:17:32]} Nh5 {[%clk 0:37:01]} 23. Bxe3
{[%clk 0:16:57]} Nf4 {[%clk 0:37:11]} 24. Bg2 {[%clk 0:14:04]} Qd8
{[%clk 0:36:50]} 25. Ra2 {[%clk 0:13:25]} Qh4 {[%clk 0:35:26]} 26. Rd2
{[%clk 0:09:58]} Rf7 {[%clk 0:30:49]} 27. Bf2 {[%clk 0:08:04]} Qg5
{[%clk 0:29:15]} 28. Ng3 {[%clk 0:06:19]} Raf8 {[%clk 0:28:03]} 29. Be3
{[%clk 0:05:51]} h5 {[%clk 0:22:09]} 30. Nce2 {[%clk 0:04:25]} Nh3+
{[%clk 0:21:30]} 31. Bxh3 {[%clk 0:03:03]} Qxe3+ {[%clk 0:21:55]} 32. Kh1
{[%clk 0:03:23]} Qxf3+ {[%clk 0:21:26]} 33. Bg2 {[%clk 0:03:38]} Qg4
{[%clk 0:21:17]} 34. Rg1 {[%clk 0:03:23]} Rf2 {[%clk 0:20:05]} 35. Qc2
{[%clk 0:01:13]} h4 {[%clk 0:18:03]} 36. h3 {[%clk 0:01:06]} Qg5 {[%clk 0:16:54]}
37. Nf1 R2f3 0-1

[Event "Fajr-urmia"]
[Site "urmia"]
[Date "2015.02.18"]
[Round "1.5"]
[White "Starostits, Ilmars"]
[Black "Lotfi, Aylar"]
[Result "1-0"]
[LiveChessVersion "1.4.4"]
[BlackElo "1933"]
[WhiteElo "2454"]

1. d4 {[%clk 1:30:56]} Nf6 {[%clk 1:30:32]} 2. c4 {[%clk 1:31:20]} c5
{[%clk 1:30:48]} 3. Nf3 {[%clk 1:31:35]} cxd4 {[%clk 1:30:58]} 4. Nxd4
{[%clk 1:32:00]} e5 {[%clk 1:30:41]} 5. Nc2 {[%clk 1:31:10]} d5 {[%clk 1:30:55]}
6. cxd5 {[%clk 1:31:35]} Qxd5 {[%clk 1:31:02]} 7. Qxd5 {[%clk 1:31:43]} Nxd5
{[%clk 1:31:26]} 8. e4 {[%clk 1:31:53]} Nc7 {[%clk 1:26:53]} 9. Nc3
{[%clk 1:31:35]} Nc6 {[%clk 1:26:25]} 10. Be3 {[%clk 1:30:59]} Be6
{[%clk 1:25:29]} 11. O-O-O {[%clk 1:31:04]} Be7 {[%clk 1:02:12]} 12. Nd5
{[%clk 1:28:15]} Rc8 {[%clk 0:56:03]} 13. Kb1 {[%clk 1:28:01]} O-O
{[%clk 0:49:34]} 14. Nxe7+ {[%clk 1:27:44]} Nxe7 {[%clk 0:50:00]} 15. Nb4
{[%clk 1:27:58]} f5 {[%clk 0:35:56]} 16. Bxa7 {[%clk 1:25:08]} fxe4
{[%clk 0:32:17]} 17. Be2 {[%clk 1:23:08]} Ncd5 {[%clk 0:29:32]} 18. Nxd5
{[%clk 1:11:57]} Nxd5 {[%clk 0:29:32]} 19. Be3 {[%clk 1:12:14]} Nb4
{[%clk 0:23:38]} 20. a3 {[%clk 1:11:59]} Nd3 {[%clk 0:18:36]} 21. Rd2
{[%clk 1:08:16]} Nf4 {[%clk 0:13:56]} 22. Bf1 {[%clk 1:04:20]} Rfd8
{[%clk 0:13:25]} 23. g3 {[%clk 1:03:49]} Rxd2 {[%clk 0:12:52]} 24. Bxd2
{[%clk 1:04:10]} Nd3 {[%clk 0:10:51]} 25. Bg2 {[%clk 1:02:50]} Bf5
{[%clk 0:09:10]} 26. Be3 {[%clk 1:02:07]} b5 {[%clk 0:08:34]} 27. g4
{[%clk 1:01:36]} Bg6 {[%clk 0:08:59]} 28. Rf1 {[%clk 0:56:26]} b4
{[%clk 0:05:59]} 29. axb4 {[%clk 0:56:49]} Rb8 {[%clk 0:03:26]} 30. b3
{[%clk 0:54:31]} Rxb4 {[%clk 0:02:33]} 31. Kc2 {[%clk 0:54:56]} Nf4
{[%clk 0:02:02]} 32. Bh1 {[%clk 0:55:02]} Rb8 {[%clk 0:01:45]} 33. Ra1
{[%clk 0:53:11]} Ne2 {[%clk 0:00:44]} 34. Ra4 {[%clk 0:48:07]} Nd4+
{[%clk 0:00:42]} 35. Bxd4 {[%clk 0:48:28]} exd4 {[%clk 0:01:11]} 36. Rxd4
{[%clk 0:48:43]} e3+ {[%clk 0:01:11]} 37. Kc3 {[%clk 0:48:55]} Rc8+
{[%clk 0:00:44]} 38. Rc4 {[%clk 0:49:04]} Rxc4+ {[%clk 0:00:33]} 39. bxc4
{[%clk 0:49:30]} exf2 {[%clk 0:00:36]} 40. Bg2 {[%clk 0:49:55]} Kf7
{[%clk 0:00:34]} 41. Kd4 {[%clk 0:50:12]} Ke6 {[%clk 0:00:35]} 42. c5
{[%clk 0:49:38]} Bb1 {[%clk 0:00:34]} 43. Bf1 {[%clk 0:49:09]} h6
{[%clk 0:00:34]} 44. Bc4+ {[%clk 0:47:20]} Kd7 {[%clk 0:00:31]} 45. Bb5+
{[%clk 0:47:12]} Ke6 {[%clk 0:00:33]} 46. Bf1 {[%clk 0:47:35]} Bg6
{[%clk 0:00:39]} 47. Bh3 {[%clk 0:47:47]} Kd7 {[%clk 0:00:32]} 48. Bf1
{[%clk 0:44:11]} Ke6 {[%clk 0:00:41]} 49. Kc4 {[%clk 0:44:28]} Be4
{[%clk 0:00:38]} 50. Kb5 {[%clk 0:44:18]} Kd7 {[%clk 0:00:34]} 51. Kb6
{[%clk 0:44:22]} Kc8 {[%clk 0:00:32]} 52. c6 {[%clk 0:44:44]} Kd8 53. c7+
{[%clk 0:45:05]} Kd7 {[%clk 0:00:44]} 54. Bb5+ {[%clk 0:45:30]} Bc6
{[%clk 0:00:35]} 55. Bxc6+ {[%clk 0:45:53]} Ke8 {[%clk 0:00:07]} 1-0

[Event "Fajr-urmia"]
[Site "urmia"]
[Date "2015.02.18"]
[Round "1.8"]
[White "Mokhberi, Iraj"]
[Black "Guliev, Logman"]
[Result "0-1"]
[LiveChessVersion "1.4.4"]
[BlackElo "2389"]
[WhiteElo "1918"]

1. e4 {[%clk 1:30:58]} c5 {[%clk 1:30:49]} 2. Nf3 {[%clk 1:31:27]} Nc6
{[%clk 1:31:08]} 3. d4 {[%clk 1:31:46]} cxd4 {[%clk 1:31:32]} 4. Nxd4
{[%clk 1:32:10]} Nf6 {[%clk 1:31:48]} 5. Nc3 {[%clk 1:32:39]} d6 {[%clk 1:32:05]}
6. Be3 {[%clk 1:32:39]} e5 {[%clk 1:32:12]} 7. Nb3 {[%clk 1:33:09]} Be7
{[%clk 1:32:27]} 8. f3 {[%clk 1:33:38]} O-O {[%clk 1:32:20]} 9. Qd2
{[%clk 1:34:08]} Be6 {[%clk 1:29:11]} 10. O-O-O {[%clk 1:34:01]} a5
{[%clk 1:29:34]} 11. Qf2 {[%clk 1:29:23]} a4 {[%clk 1:27:08]} 12. Nc5
{[%clk 1:28:48]} a3 {[%clk 1:27:18]} 13. b3 {[%clk 1:28:28]} Qa5 {[%clk 1:25:56]}
14. N5a4 {[%clk 1:27:01]} Rac8 {[%clk 1:23:32]} 15. Kb1 {[%clk 1:25:42]} Nb4
{[%clk 1:14:06]} 16. Bb6 {[%clk 1:18:22]} Qa8 {[%clk 1:14:12]} 17. Be3
{[%clk 1:11:20]} Qb8 {[%clk 1:14:22]} 18. Ba7 {[%clk 1:07:08]} Qa8
{[%clk 1:13:13]} 19. Be3 {[%clk 1:06:27]} Nd7 {[%clk 1:13:01]} 20. Bb5
{[%clk 1:04:17]} Qa5 {[%clk 1:08:28]} 21. Qd2 {[%clk 0:58:02]} Nc5
{[%clk 1:06:15]} 22. Bd3 {[%clk 0:47:00]} Nbxd3 {[%clk 1:00:01]} 23. cxd3
{[%clk 0:47:25]} Nxa4 {[%clk 1:00:07]} 24. Nxa4 {[%clk 0:47:06]} Qb5
{[%clk 1:00:06]} 25. Nc3 {[%clk 0:45:01]} Rxc3 {[%clk 0:57:04]} 26. Qxc3
{[%clk 0:45:23]} Rc8 {[%clk 0:57:28]} 27. Qd2 {[%clk 0:43:09]} Bxb3
{[%clk 0:57:37]} 28. axb3 {[%clk 0:40:00]} Qxb3+ {[%clk 0:57:52]} 29. Ka1
{[%clk 0:40:21]} Rc2 {[%clk 0:58:02]} 30. Qxc2 {[%clk 0:40:49]} Qxc2
{[%clk 0:58:24]} 31. Rd2 {[%clk 0:41:13]} Qc3+ {[%clk 0:57:53]} 32. Kb1
{[%clk 0:40:45]} d5 {[%clk 0:56:21]} 33. exd5 {[%clk 0:39:21]} Bc5
{[%clk 0:53:44]} 34. Rc1 {[%clk 0:38:32]} Qxc1+ {[%clk 0:53:51]} 35. Kxc1
{[%clk 0:38:03]} Bxe3 {[%clk 0:54:11]} 0-1

[Event "Fajr-urmia"]
[Site "urmia"]
[Date "2015.02.18"]
[Round "1.9"]
[White "Pourkashiyan, Atousa"]
[Black "Mammadov, Sadig"]
[Result "1-0"]
[LiveChessVersion "1.4.4"]
[BlackElo "1909"]
[WhiteElo "2361"]

1. e4 {[%clk 1:30:56]} e6 {[%clk 1:30:55]} 2. d4 {[%clk 1:31:18]} d5
{[%clk 1:31:22]} 3. Nd2 {[%clk 1:31:42]} Nf6 {[%clk 1:31:46]} 4. e5
{[%clk 1:32:03]} Nfd7 {[%clk 1:32:11]} 5. c3 {[%clk 1:32:15]} c5 {[%clk 1:32:38]}
6. Bd3 {[%clk 1:32:37]} Nc6 {[%clk 1:33:04]} 7. Ne2 {[%clk 1:33:01]} cxd4
{[%clk 1:33:32]} 8. cxd4 {[%clk 1:33:24]} f6 {[%clk 1:33:47]} 9. exf6
{[%clk 1:33:18]} Nxf6 {[%clk 1:34:10]} 10. Nf3 {[%clk 1:33:07]} Bd6
{[%clk 1:34:34]} 11. O-O {[%clk 1:33:04]} Qc7 {[%clk 1:34:59]} 12. g3
{[%clk 1:33:03]} O-O {[%clk 1:34:50]} 13. Bf4 {[%clk 1:32:02]} Bd7
{[%clk 1:26:43]} 14. Rc1 {[%clk 1:31:15]} Rad8 {[%clk 1:19:59]} 15. Re1
{[%clk 1:30:04]} Be8 {[%clk 1:17:16]} 16. Bxd6 {[%clk 1:19:40]} Rxd6
{[%clk 1:16:01]} 17. Nf4 {[%clk 1:19:26]} Qe7 {[%clk 1:08:55]} 18. Bf5
{[%clk 1:07:07]} Bd7 {[%clk 1:05:50]} 19. Rc3 {[%clk 0:55:59]} Re8
{[%clk 0:51:24]} 20. Rce3 {[%clk 0:54:33]} Nd8 {[%clk 0:42:48]} 21. Ng5
{[%clk 0:52:22]} g6 {[%clk 0:41:14]} 22. Bxe6+ {[%clk 0:49:36]} Bxe6
{[%clk 0:41:32]} 23. Nfxe6 {[%clk 0:48:57]} Nxe6 {[%clk 0:40:56]} 24. Rxe6
{[%clk 0:47:46]} Rxe6 {[%clk 0:40:42]} 25. Rxe6 {[%clk 0:48:08]} Qf8
{[%clk 0:35:37]} 26. Qe2 {[%clk 0:46:47]} h6 {[%clk 0:28:35]} 27. Qd3
{[%clk 0:34:33]} Kg7 {[%clk 0:27:03]} 28. Rxe8 {[%clk 0:31:15]} Qxe8
{[%clk 0:27:25]} 29. Nf3 {[%clk 0:31:11]} h5 {[%clk 0:19:47]} 30. Ne5
{[%clk 0:29:45]} Ng4 {[%clk 0:16:33]} 31. Nf3 {[%clk 0:21:01]} Qe4
{[%clk 0:13:26]} 32. Qxe4 {[%clk 0:20:42]} dxe4 {[%clk 0:13:55]} 33. Nd2
{[%clk 0:20:59]} e3 {[%clk 0:14:18]} 34. fxe3 {[%clk 0:21:26]} Nxe3
{[%clk 0:14:45]} 35. Ne4 {[%clk 0:19:38]} Kf7 {[%clk 0:14:14]} 36. Nd6+
{[%clk 0:16:56]} Ke6 {[%clk 0:14:43]} 37. Nxb7 {[%clk 0:17:22]} Kd5
{[%clk 0:14:55]} 38. Na5 {[%clk 0:17:50]} Nd1 {[%clk 0:14:10]} 39. b3
{[%clk 0:13:28]} a6 {[%clk 0:14:08]} 40. Kg2 {[%clk 0:13:08]} Kxd4
{[%clk 0:14:21]} 41. Kf3 {[%clk 0:13:26]} g5 {[%clk 0:08:15]} 42. Nc6+
{[%clk 0:10:41]} Kc3 {[%clk 0:08:11]} 43. Nb8 {[%clk 0:10:49]} Kb2
{[%clk 0:07:58]} 44. Nxa6 {[%clk 0:10:48]} Kxa2 {[%clk 0:08:27]} 45. b4
{[%clk 0:10:42]} Nc3 {[%clk 0:08:49]} 46. Nc7 {[%clk 0:10:45]} Kb3
{[%clk 0:09:03]} 47. b5 {[%clk 0:11:10]} Na4 {[%clk 0:09:18]} 48. Ke4
{[%clk 0:07:55]} h4 {[%clk 0:09:08]} 49. g4 {[%clk 0:08:16]} Kc4 {[%clk 0:09:30]}
50. Kf5 {[%clk 0:08:14]} Kc5 {[%clk 0:09:45]} 51. Kxg5 {[%clk 0:08:25]} Kb6
{[%clk 0:10:13]} 52. Ne6 {[%clk 0:06:19]} Kxb5 {[%clk 0:10:38]} 53. Kxh4
{[%clk 0:06:39]} Kc6 {[%clk 0:11:06]} 54. Kg5 {[%clk 0:06:59]} Kd7
{[%clk 0:11:31]} 55. Kf6 {[%clk 0:07:19]} Nc3 {[%clk 0:11:44]} 56. g5
{[%clk 0:04:05]} Ne4+ {[%clk 0:12:13]} 57. Ke5 {[%clk 0:04:14]} Nf2
{[%clk 0:12:33]} 58. Kf5 {[%clk 0:04:05]} Ke7 {[%clk 0:12:57]} 59. Nf4
{[%clk 0:04:13]} Kf7 {[%clk 0:13:12]} 60. h4 {[%clk 0:04:32]} Nh1
{[%clk 0:13:33]} 61. g6+ {[%clk 0:04:35]} Kg7 {[%clk 0:14:02]} 62. Kg5
{[%clk 0:04:35]} Nf2 {[%clk 0:14:27]} 63. Ne6+ {[%clk 0:04:45]} Kg8
{[%clk 0:14:44]} 64. Nc5 {[%clk 0:04:38]} Kg7 {[%clk 0:13:59]} 65. Ne6+ Kg8 66.
h5 {[%clk 0:04:21]} Ne4+ {[%clk 0:14:44]} 67. Kf4 {[%clk 0:04:06]} Nf6
{[%clk 0:14:37]} 68. h6 {[%clk 0:04:27]} Nd5+ {[%clk 0:14:25]} 69. Kg5
{[%clk 0:04:45]} Ne3 {[%clk 0:14:26]} 70. h7+ {[%clk 0:04:21]} Kh8
{[%clk 0:14:51]} 71. Nd8 {[%clk 0:04:45]} 1-0

[Event "Fajr-urmia"]
[Site "urmia"]
[Date "2015.02.18"]
[Round "1.10"]
[White "Mardzadeh, Sajjad"]
[Black "Chighladze, Iveri"]
[Result "0-1"]
[LiveChessVersion "1.4.4"]
[BlackElo "2338"]
[WhiteElo "1909"]

1. e4 {[%clk 1:30:54]} Nf6 {[%clk 1:30:50]} 2. Nc3 {[%clk 1:31:05]} d5
{[%clk 1:31:13]} 3. exd5 {[%clk 1:30:45]} Nxd5 {[%clk 1:31:35]} 4. Nf3
{[%clk 1:30:34]} Bf5 {[%clk 1:31:44]} 5. Bc4 {[%clk 1:30:14]} e6 {[%clk 1:31:52]}
6. h3 {[%clk 1:29:35]} Be7 {[%clk 1:31:40]} 7. O-O {[%clk 1:29:16]} O-O
{[%clk 1:31:40]} 8. Re1 {[%clk 1:29:13]} Nc6 {[%clk 1:30:54]} 9. a3
{[%clk 1:28:35]} a6 {[%clk 1:30:33]} 10. d3 {[%clk 1:26:03]} b5 {[%clk 1:30:18]}
11. Bb3 {[%clk 1:25:48]} Nxc3 {[%clk 1:30:23]} 12. bxc3 {[%clk 1:26:08]} Na5
{[%clk 1:28:50]} 13. Ba2 {[%clk 1:25:53]} c5 {[%clk 1:29:04]} 14. Bd2
{[%clk 1:24:17]} c4 {[%clk 1:28:56]} 15. Nd4 {[%clk 1:23:13]} Bg6
{[%clk 1:28:54]} 16. dxc4 {[%clk 1:14:59]} bxc4 {[%clk 1:28:54]} 17. Qe2
{[%clk 1:14:59]} Rc8 {[%clk 1:28:13]} 18. Rad1 {[%clk 1:11:08]} Bxa3
{[%clk 1:26:52]} 19. Bc1 {[%clk 1:09:27]} Qe7 {[%clk 1:27:04]} 20. Qe5
{[%clk 1:00:34]} Bxc1 {[%clk 1:26:52]} 21. Qxa5 {[%clk 0:58:20]} Qa3
{[%clk 1:25:42]} 22. Re5 {[%clk 0:53:35]} Rfd8 {[%clk 1:23:57]} 23. Bxc4
{[%clk 0:33:28]} Qxa5 {[%clk 1:23:45]} 24. Rxa5 {[%clk 0:33:53]} Bb2
{[%clk 1:23:57]} 25. Bxa6 {[%clk 0:29:39]} Ra8 {[%clk 1:22:00]} 26. Ra4
{[%clk 0:24:28]} Bxc3 {[%clk 1:21:28]} 27. Rc4 {[%clk 0:24:30]} Rxa6
{[%clk 1:21:43]} 28. Rxc3 {[%clk 0:24:20]} e5 {[%clk 1:21:19]} 29. Rd2
{[%clk 0:22:08]} exd4 {[%clk 1:21:30]} 30. Rxd4 {[%clk 0:22:35]} Re8
{[%clk 1:21:27]} 31. Rc5 {[%clk 0:22:29]} h6 {[%clk 1:21:41]} 32. f4
{[%clk 0:22:47]} Be4 {[%clk 1:21:49]} 33. Rc7 {[%clk 0:22:18]} Ra2
{[%clk 1:20:17]} 34. Rd2 {[%clk 0:22:29]} h5 {[%clk 1:20:32]} 35. Kf2
{[%clk 0:21:47]} h4 {[%clk 1:20:43]} 36. Re2 {[%clk 0:21:22]} f5 {[%clk 1:21:05]}
37. Rd2 {[%clk 0:21:37]} Re6 {[%clk 1:21:18]} 38. g3 {[%clk 0:21:47]} hxg3+
{[%clk 1:21:13]} 39. Kxg3 {[%clk 0:22:02]} Rg6+ {[%clk 1:21:27]} 40. Kh4
{[%clk 0:20:55]} Kh7 {[%clk 1:20:22]} 41. Rc8 {[%clk 0:19:32]} Ra3
{[%clk 1:18:45]} 42. c3 {[%clk 0:19:33]} Rh6+ {[%clk 1:17:45]} 43. Kg5
{[%clk 0:18:02]} Raa6 {[%clk 1:17:35]} 0-1